[Event "AUTO-OPEN-4492"]
[Site "http://www.queenalice.com/game.php?id=1834942"]
[Date "2024.4.11"]
[Round "2"]
[White "tarasch"]
[Black "Jovanina1"]
[Result "1-0"]
[WhiteElo "2135"]
[BlackElo "2106"]

1. d4 g6 2. c4 Bg7 3. e4 d6 4. Nc3 c6 5. Nf3 Bg4 6. Be2 Qc8 7. O-O h5 8. h3 Bxh3
9. gxh3 Qxh3 10. Nh2 Nf6 11. Qd3 Qd7 12. Bg5 h4 13. Bxf6 Bxf6 14. Bg4 Qc7 15. f4
Qb6 16. Nf3 Na6 17. a3 Qc7 18. e5 dxe5 19. fxe5 Bg7 20. Ng5 Rf8 21. Rf3 Bxe5 22.
dxe5 Qxe5 23. Qd7# 1-0

[Event "AUTO-OPEN-4492"]
[Site "http://www.queenalice.com/game.php?id=1834943"]
[Date "2024.4.11"]
[Round "2"]
[White "Jovanina1"]
[Black "tarasch"]
[Result "1-0"]
[WhiteElo "2136"]
[BlackElo "2146"]

1. f3 d5 2. g3 e5 3. Nh3 Nc6 4. Nf2 Nf6 5. Bg2 Be7 6. d3 O-O 7. a3 Bf5 8. Bd2
Qd7 9. e3 Rfe8 10. O-O Rad8 11. c3 d4 12. e4 Be6 13. c4 Kh8 14. Bg5 Ng8 15. Bc1
Nf6 16. Nd2 g5 17. g4 Rg8 18. Nb3 h5 19. h3 Rg6 20. Qd2 Kg7 21. Na5 Nxa5 22.
Qxa5 hxg4 23. fxg4 Rh8 24. Qxe5 Bd6 25. Qb5 c6 26. Qa5 b6 27. Qa4 Bxg4 28. Qc2
Bxh3 29. Bxh3 Rxh3 30. Nxh3 Qxh3 31. Qg2 Qxd3 32. Bd2 Nxe4 33. Rad1 Ng3 34. Bf4
Ne2+ 35. Kf2 Nxf4 36. Rxd3 Nxg2 37. Kxg2 c5 38. Rdf3 Bf4 39. Re1 Re6 40. Rb1
Re2+ 41. Kf1 Rh2 42. Kg1 Re2 43. b3 1-0

[Event "Let's Play Chess!"]
[Site "http://www.queenalice.com/game.php?id=1836689"]
[Date "2024.5.13"]
[Round "-"]
[White "igor12345"]
[Black "tarasch"]
[Result "0-1"]
[WhiteElo "2056"]
[BlackElo "2134"]

1. e4 c5 2. Nf3 d6 3. d4 cxd4 4. Nxd4 Nf6 5. Nc3 a6 6. a3 e6 7. Bc4 Qc7 8. Bb3
Be7 9. O-O O-O 10. Kh1 Nc6 11. Nde2 b5 12. Bf4 Bb7 13. h3 Na5 14. Ba2 Nxe4 15.
Nxe4 Bxe4 16. Rc1 Qb7 17. f3 Bg6 18. b4 Nc6 19. c4 bxc4 20. Rxc4 d5 21. Rc1 Rac8
22. Nd4 Nxd4 23. Qxd4 Bf6 24. Qd1 Rxc1 25. Qxc1 Rc8 26. Qe1 Bd3 27. Rf2 Rc2 28.
Rxc2 Bxc2 29. Qc1 Ba4 30. Qc5 Qc6 31. Qxc6 Bxc6 32. Bc1 Ba4 33. Bb1 h6 34. Bd3
Bb5 35. Bc2 d4 36. a4 Bc4 37. Bd2 d3 38. Bd1 Bd4 39. g4 Kf8 40. Kg2 f5 41. f4
Kf7 42. gxf5 exf5 43. h4 Kf6 44. Kf3 g6 45. Kg3 h5 46. Bf3 Ke6 47. Bc6 Ke7 48.
Kf3 Bg1 49. Be3 Kd8 50. Bxg1 d2 51. Bb6+ Kc8 52. b5 d1=Q+ 0-1

[Event "Let's Play Chess!"]
[Site "http://www.queenalice.com/game.php?id=1836690"]
[Date "2024.5.13"]
[Round "-"]
[White "tarasch"]
[Black "igor12345"]
[Result "1-0"]
[WhiteElo "2126"]
[BlackElo "2029"]

1. d4 d5 2. c4 c6 3. Nf3 h6 4. e3 Nf6 5. h3 a6 6. Nc3 e6 7. Bd3 Bd6 8. O-O b6 9.
b3 Qc7 10. Bb2 O-O 11. Rc1 Qd7 12. Bb1 Ne8 13. Qd3 f5 14. Ne5 Nf6 15. Nxd7 1-0

[Event "AUTO-OPEN-4492"]
[Site "http://www.queenalice.com/game.php?id=1847107"]
[Date "2024.11.13"]
[Round "3"]
[White "CCapivara"]
[Black "tarasch"]
[Result "1-0"]
[WhiteElo "2260"]
[BlackElo "2144"]

1. e4 c5 2. Nf3 d6 3. d4 cxd4 4. Nxd4 Nf6 5. Nc3 a6 6. Bg5 e6 7. f4 Be7 8. Qf3
Qc7 9. O-O-O b5 10. g4 Bb7 11. Bxf6 Bxf6 12. g5 Bxd4 13. Rxd4 Nc6 14. Rd2 Rc8
15. Bxb5 axb5 16. Nxb5 Qb8 17. Nxd6+ Ke7 18. Nxc8+ Rxc8 19. Rhd1 Rd8 20. f5 Rxd2
21. f6+ Kf8 22. Rxd2 Ne5 23. fxg7+ Kg8 24. Qf6 Nc6 25. Rd7 1-0

[Event "AUTO-OPEN-4492"]
[Site "http://www.queenalice.com/game.php?id=1847108"]
[Date "2024.11.13"]
[Round "3"]
[White "tarasch"]
[Black "CCapivara"]
[Result "1-0"]
[WhiteElo "2135"]
[BlackElo "2209"]

1. d4 d6 2. c4 Nf6 3. Nc3 c6 4. e4 Qa5 5. Bd2 Qb6 6. Bc1 e5 7. d5 Be7 8. Nf3 O-O
9. h3 cxd5 10. cxd5 Nbd7 11. Bd3 a5 12. Na4 Qd8 13. Be3 h6 14. Rc1 Re8 15. Nd2
Rb8 16. Qe2 b6 17. O-O Nc5 18. Bc2 Ba6 19. Nc4 b5 20. Nxc5 dxc5 21. Nxe5 Rb6 22.
Qd2 b4 23. Bd3 Bxd3 24. Qxd3 Bd6 25. Nc4 Rb7 26. Nxd6 Qxd6 27. Bxc5 Qe5 28. Qa6
Rc7 29. Qxa5 Nxe4 30. Bxb4 Rxc1 31. Rxc1 Qxb2 32. Rf1 Ng3 33. Re1 Rxe1+ 34. Bxe1
Nf5 35. a3 g6 36. Qb4 Qc1 37. Kh2 h5 38. Bc3 Qd1 39. Qb8+ Kh7 40. Qh8# 1-0

[Event "AUTO-OPEN-4492"]
[Site "http://www.queenalice.com/game.php?id=1847111"]
[Date "2024.11.13"]
[Round "3"]
[White "tarasch"]
[Black "Jovanina1"]
[Result "0-1"]
[WhiteElo "2162"]
[BlackElo "2177"]

1. d4 Nf6 2. c4 c5 3. d5 h6 4. Nc3 d6 5. e4 Bg4 6. Nf3 Qa5 7. Bd3 Na6 8. O-O Qd8
9. h3 Bh5 10. Bf4 Bxf3 11. Qxf3 Nb4 12. Bb1 g5 13. Bh2 Na6 14. e5 dxe5 15. Bxe5
Bg7 16. Bf5 Rg8 17. Rfe1 b6 18. d6 e6 19. Rad1 Kf8 20. Bb1 Nd7 21. Bg6 Nxe5 22.
Rxe5 Bf6 23. Bxf7 Kxf7 24. Ne4 Rg6 25. Nxf6 Rxf6 26. Qb7+ Kg6 27. Qxa6 Qd7 28.
Qa3 a5 29. Qd3+ Kg7 30. a3 Rf4 31. Qe3 Re8 32. b3 Rf5 33. Qc3 Rxe5 34. Qxe5+ Kg6
35. Rd3 Rf8 36. Re3 Rf6 37. Qe4+ Kg7 38. Rd3 h5 39. Qa8 Rf8 40. Qa6 Rb8 41. a4
Rb7 42. Qb5 Qxb5 0-1

[Event "AUTO-OPEN-4492"]
[Site "http://www.queenalice.com/game.php?id=1847112"]
[Date "2024.11.13"]
[Round "3"]
[White "Jovanina1"]
[Black "tarasch"]
[Result "0-1"]
[WhiteElo "2168"]
[BlackElo "2149"]

1. d4 Nf6 2. c4 g6 3. Nc3 d5 4. c5 Bg7 5. Bg5 O-O 6. Nf3 b6 7. h3 bxc5 8. dxc5
Ne4 9. Bd2 Nxd2 10. Qxd2 c6 11. b4 a5 12. b5 cxb5 13. Rb1 b4 14. Nd1 Ba6 15. e3
Bxf1 16. Kxf1 Nc6 17. Nd4 Qc8 18. Nb2 e5 19. Ne2 Rd8 20. Na4 Qa6 21. Kg1 Qb5 22.
Qc2 d4 23. Ng3 dxe3 24. fxe3 Qd3 25. Qb3 Bh6 26. Qxd3 Rxd3 27. Nf1 Bxe3+ 28.
Nxe3 Rxe3 29. Kf2 Ra3 30. Nb6 Rxa2+ 31. Kg3 Rd8 32. Rhd1 Rad2 33. Re1 R8d3+ 34.
Kh2 Rc2 35. Rbc1 Rdc3 36. Rxc2 Rxc2 37. Na4 Nd4 38. Kg3 f6 39. h4 Kf7 40. Kh3
Ke6 41. Re3 b3 42. Re1 f5 43. Re3 b2 44. Nxb2 Rxb2 45. Rc3 Rb3 46. Rxb3 Nxb3 0-1

[Event "Let's Play Chess!"]
[Site "http://www.queenalice.com/game.php?id=1871356"]
[Date "2026.4.4"]
[Round "-"]
[White "alow_proton"]
[Black "tarasch"]
[Result "0-1"]
[WhiteElo "2075"]
[BlackElo "2118"]

1. e4 e6 2. d4 d5 3. e5 c5 4. c3 Nc6 5. Nf3 Nge7 6. Bg5 Qb6 7. Qd2 Nf5 8. Be3
Bd7 9. a3 Na5 10. Ra2 Bb5 11. b4 cxb4 12. axb4 Nc4 13. Bxc4 Bxc4 14. Ra1 a5 15.
bxa5 Rxa5 16. Rxa5 Qxa5 17. Qb2 b5 18. Nfd2 Be7 19. Nxc4 bxc4 20. O-O O-O 21.
Nd2 Qa3 22. Rb1 Ra8 23. g3 h6 24. h4 Qxb2 25. Rxb2 Ra1+ 26. Rb1 Ra3 27. Rc1 Bd8
28. Nb1 Ra2 29. Kf1 h5 30. Re1 Rc2 31. Re2 Rxe2 32. Kxe2 Kf8 33. Bc1 Ba5 34.
Ba3+ Ke8 35. Bb4 Bxb4 36. cxb4 Nxd4+ 37. Kd2 Nc6 38. b5 Nxe5 39. Kc3 Kd7 40. Kd4
Nd3 41. f3 Kc7 42. Nc3 Kb6 43. g4 g6 44. Ke3 Kc5 45. gxh5 gxh5 46. f4 f6 47. f5
d4+ 0-1

[Event "AUTO-MASTER-3300"]
[Site "http://www.queenalice.com/game.php?id=1871438"]
[Date "2026.4.5"]
[Round "1"]
[White "Pin"]
[Black "tarasch"]
[Result "0-1"]
[WhiteElo "2144"]
[BlackElo "2160"]

1. d4 Nf6 2. Nf3 e6 3. Bg5 Be7 4. Nc3 O-O 5. e4 d5 6. e5 Nfd7 7. h4 a6 8. Bd3 c5
9. Bxe7 Qxe7 10. Qd2 b5 11. Ng5 cxd4 12. Bxh7+ Kh8 13. Qxd4 Nc6 14. Qd3 Ndxe5
15. Qd1 Qf6 16. Qh5 Qh6 17. Qe2 f6 18. O-O-O fxg5 19. hxg5 Qxg5+ 20. Kb1 g6 21.
Bxg6+ Kg7 22. Rh3 Nxg6 23. Rdh1 Rh8 24. Rxh8 Nxh8 25. Qd3 Ng6 26. Rh3 Bd7 27.
Rg3 Qf5 28. Qd2 Rh8 0-1

[Event "AUTO-MASTER-3300"]
[Site "http://www.queenalice.com/game.php?id=1871439"]
[Date "2026.4.5"]
[Round "1"]
[White "tarasch"]
[Black "Pin"]
[Result "1-0"]
[WhiteElo "2129"]
[BlackElo "2123"]

1. d4 Nf6 2. c4 g6 3. Nc3 d5 4. cxd5 Nxd5 5. e4 Nxc3 6. bxc3 Bg7 7. Be3 O-O 8.
Bc4 c5 9. Ne2 Nc6 10. O-O cxd4 11. cxd4 Na5 12. Bd3 b6 13. Rc1 Bb7 14. f3 Qd7
15. Qd2 Rac8 16. d5 Qd6 17. Bd4 e5 18. Be3 Rxc1 19. Rxc1 Rc8 20. Rxc8+ Bxc8 21.
Qc2 Bb7 22. Bd2 h5 23. Kf1 Kh7 24. Nc3 a6 25. Na4 Bh6 26. Bxa5 bxa5 27. Qc5 Bf8
28. Qxd6 Bxd6 29. Nb6 Kg8 30. Nc4 Bb8 31. Nxa5 Bc8 32. Nc6 Bd6 33. Ke2 Kf8 34.
Kd2 Ke8 35. Kc3 Kd7 36. Bc2 f6 37. Ba4 Kc7 38. Kc4 Ba3 39. Kb3 Bc5 40. Kc4 Bd6
41. Na7 Bb7 42. Nc6 Kb6 43. Nd8 g5 44. Nxb7 Kxb7 45. Bc6+ Kb6 46. a4 Bc5 47. h3
h4 48. a5+ 1-0

[Event "AUTO-MASTER-3300"]
[Site "http://www.queenalice.com/game.php?id=1871452"]
[Date "2026.4.5"]
[Round "1"]
[White "JailtonMaster"]
[Black "tarasch"]
[Result "1-0"]
[WhiteElo "2147"]
[BlackElo "2134"]

1. d4 Nf6 2. c4 c5 3. d5 b5 4. cxb5 a6 5. bxa6 Bxa6 6. Nc3 d6 7. Nf3 g6 8. g3
Bg7 9. Bg2 O-O 10. O-O Nbd7 11. Re1 Qb6 12. e4 Rfb8 13. e5 dxe5 14. Nxe5 Nxe5
15. Rxe5 Qd6 16. Re1 Bb7 17. Bf4 Qd7 18. Bxb8 Rxb8 19. Qc2 Nxd5 20. Nxd5 e6 21.
Nc3 Bxg2 22. Kxg2 Qb7+ 23. Qe4 Qxe4+ 24. Nxe4 Rxb2 25. Nxc5 Bd4 26. Nd3 Rd2 27.
Red1 Rxd3 28. Rxd3 Bxa1 29. Rd8+ Kg7 30. a4 Bc3 31. Ra8 Kf6 32. a5 h5 33. a6 Bd4
34. Rd8 Bb6 35. Rd7 g5 36. a7 Bxa7 37. Rxa7 1-0

[Event "AUTO-MASTER-3300"]
[Site "http://www.queenalice.com/game.php?id=1871453"]
[Date "2026.4.5"]
[Round "1"]
[White "tarasch"]
[Black "JailtonMaster"]
[Result "0-1"]
[WhiteElo "2130"]
[BlackElo "2157"]

1. d4 d5 2. c4 c6 3. Nc3 Nf6 4. e3 e6 5. Nf3 Nbd7 6. Bd3 dxc4 7. Bxc4 b5 8. Bd3
Bb7 9. O-O a6 10. Re1 c5 11. b3 cxd4 12. Nxd4 Rc8 13. Bb2 Nc5 14. Bb1 Be7 15. h3
O-O 16. Qe2 Nd5 17. Nxd5 Qxd5 18. Nf3 Rfd8 19. Bc2 f6 20. Red1 Qh5 21. Nd4 Qg5
22. Nf3 Bxf3 23. Qxf3 Rxd1+ 24. Rxd1 b4 25. Rd4 f5 26. Rc4 Rd8 27. Bd4 Nd7 28.
Qb7 e5 29. Qd5+ Kh8 30. Bb2 Nb6 31. Qb7 Nxc4 0-1

[Event "Let's Play Chess!"]
[Site "http://www.queenalice.com/game.php?id=1871572"]
[Date "2026.4.7"]
[Round "-"]
[White "tarasch"]
[Black "alow_proton"]
[Result "0-1"]
[WhiteElo "2141"]
[BlackElo "2027"]

1. e4 c5 2. Nf3 d6 3. d4 cxd4 4. Nxd4 Nf6 5. Nc3 Nc6 6. f3 a6 7. Be3 Qc7 8. Qd2
b5 9. g4 e5 10. Nf5 h6 11. O-O-O Bxf5 12. gxf5 Na5 13. Nd5 Nxd5 14. Qxd5 Rc8 15.
Rd2 Be7 16. Kb1 Nc4 17. Bxc4 bxc4 18. c3 Qc6 19. Rg1 Kf8 20. Qxc6 Rxc6 21. Rdg2
Bf6 22. Rd1 Bd8 23. Rdg1 Bf6 24. f4 Ke7 25. Rd2 Rb8 26. fxe5 Bxe5 27. Bd4 Kf6
28. Bxe5+ dxe5 29. Rdg2 Rg8 30. Rd2 g5 31. fxg6 fxg6 32. Rf2+ Ke7 33. Rgf1 Rg7
34. Rf8 h5 35. Rh8 Rf7 36. Rxf7+ Kxf7 37. Kc2 Kf6 38. h4 Kg7 39. Re8 Kf6 40.
Rf8+ Ke7 41. Rf3 Rf6 42. Rxf6 Kxf6 43. b3 cxb3+ 44. axb3 g5 45. hxg5+ Kxg5 46.
Kd2 h4 47. Ke3 Kg4 48. Kf2 Kf4 49. c4 Kxe4 50. b4 Kd4 51. c5 Kd5 52. Kf3 e4+ 53.
Kf2 h3 0-1

[Event "Let's Play Chess!"]
[Site "http://www.queenalice.com/game.php?id=1871573"]
[Date "2026.4.7"]
[Round "-"]
[White "alow_proton"]
[Black "tarasch"]
[Result "0-1"]
[WhiteElo "2075"]
[BlackElo "2150"]

1. e4 c5 2. Nf3 d6 3. d4 cxd4 4. Nxd4 Nf6 5. Nc3 a6 6. a3 e6 7. Bc4 Qc7 8. Bb3
Be7 9. O-O Nc6 10. Nde2 O-O 11. h3 b5 12. Nf4 Na5 13. Ba2 Nc4 14. Nd3 Bb7 15.
Qe2 Nxa3 16. Bxe6 fxe6 17. Nxb5 Nxb5 18. f3 Nd4 19. Qd1 Qxc2 20. Qxc2 Nxc2 21.
Ra2 Nd4 0-1

[Event "AUTO-OPEN-4647"]
[Site "http://www.queenalice.com/game.php?id=1871630"]
[Date "2026.4.8"]
[Round "1"]
[White "Capixaba789"]
[Black "tarasch"]
[Result "1-0"]
[WhiteElo "1818"]
[BlackElo "2178"]

1. d4 Nf6 2. c4 c5 3. dxc5 g6 4. Nf3 Nc6 5. e3 Qa5+ 6. Nc3 Qxc5 7. Be2 Bg7 8.
O-O O-O 9. a3 a5 10. Qc2 d6 11. e4 Bg4 12. Be3 Qh5 13. Bf4 Bxf3 14. Bxf3 Nd4 15.
Qd3 Nxf3+ 16. Qxf3 Qxf3 17. gxf3 Nd7 18. Rab1 a4 19. Nd5 Rfc8 20. Nxe7+ Kh8 21.
Nxc8 Rxc8 22. Bxd6 Rxc4 23. Rfd1 Nb6 24. e5 Rc2 25. f4 Nc4 26. Bb4 h5 27. Rd8+
Kh7 28. Rd7 Kg8 29. Rxb7 Rxb2 30. Rxb2 Nxb2 31. Rb8+ Kh7 32. Rb7 Nd3 33. Bd6
Nxf4 34. Rxf7 1-0

[Event "AUTO-OPEN-4647"]
[Site "http://www.queenalice.com/game.php?id=1871631"]
[Date "2026.4.8"]
[Round "1"]
[White "tarasch"]
[Black "Capixaba789"]
[Result "0-1"]
[WhiteElo "2155"]
[BlackElo "1848"]

1. d4 d5 2. c4 Nf6 3. Nc3 e6 4. Bg5 Be7 5. e3 O-O 6. Nf3 dxc4 7. Bxc4 c6 8. O-O
Bd7 9. Rc1 a5 10. a4 Na6 11. Bxa6 Rxa6 12. Qb3 h6 13. Bxf6 Bxf6 14. Qxb7 Rb6 15.
Qa7 Rxb2 16. Ne4 Be7 17. Ne5 Be8 18. Nxc6 Bxc6 19. Rxc6 Bb4 20. Rc7 Ra2 21. h3
Rxa4 22. Rfc1 Qd5 23. Nc5 Ra8 24. Qb7 Qxb7 25. Rxb7 Ra2 26. Nd3 Ba3 27. Rcc7 Bf8
28. Rxf7 a4 29. Ne5 a3 30. Ng6 Rb2 31. Rbd7 a2 32. Nxf8 a1=Q+ 33. Kh2 Rxf2 34.
Rxg7+ Kxf8 35. Rh7 Rxg2+ 36. Kxg2 Ra2+ 37. Kf3 Qf1+ 38. Kg3 Rg2+ 0-1

[Event "AUTO-OPEN-4647"]
[Site "http://www.queenalice.com/game.php?id=1871662"]
[Date "2026.4.8"]
[Round "1"]
[White "tarasch"]
[Black "WoodpusherKid"]
[Result "0-1"]
[WhiteElo "2172"]
[BlackElo "2740"]

1. e4 e5 2. Nf3 Nc6 3. Bb5 Nf6 4. O-O Nxe4 5. Re1 Nd6 6. Bxc6 bxc6 7. Rxe5+ Be7
8. Qe1 f6 9. Re2 Kf7 10. d3 Nf5 11. Nc3 d5 12. Bf4 Rb8 13. Rb1 h6 14. h3 g5 15.
Be3 c5 16. Bd2 Bb7 17. Nd1 d4 18. Nh2 Bd6 19. b3 Bxh2+ 20. Kxh2 Qd6+ 21. Kg1
Bxg2 22. f3 Nh4 23. Kf2 Rhe8 24. Nb2 Qh2 25. Qg1 Rxe2+ 26. Kxe2 Bxf3+ 0-1

[Event "AUTO-OPEN-4647"]
[Site "http://www.queenalice.com/game.php?id=1871663"]
[Date "2026.4.8"]
[Round "1"]
[White "WoodpusherKid"]
[Black "tarasch"]
[Result "1-0"]
[WhiteElo "2707"]
[BlackElo "2119"]

1. c4 c5 2. Nf3 Nf6 3. Nc3 g6 4. e4 d6 5. d4 cxd4 6. Nxd4 Bg7 7. h3 Nc6 8. Be3
O-O 9. Be2 a6 10. O-O Bd7 11. Nf3 Nb8 12. Qd3 Bc6 13. Rfd1 Nbd7 14. Nd4 Qc7 15.
Nd5 Qd8 16. b4 Bxd5 17. exd5 Rc8 18. Rac1 Qc7 19. a4 Rfe8 20. a5 Ne5 21. Qb3
Ned7 22. Rc2 Qb8 23. Bf3 Ne5 24. Be2 Ned7 25. Bf3 Ne5 26. c5 Nxf3+ 27. Nxf3 Nd7
28. c6 Ne5 29. Nxe5 Bxe5 30. Bb6 bxc6 31. dxc6 Qa8 32. b5 e6 33. Qb4 d5 34. c7
Qb7 35. Rdc1 Bg7 36. bxa6 Qxa6 37. Rc6 Qb7 38. Qb5 Re7 39. a6 Qa8 40. f4 h5 41.
Rd6 Kf8 42. Rd8+ 1-0